00849cam a22002651 4500001001300000003000400013005001700017008004100034010001700075035001900092040004600111042001200157050001500169082001400184100002500198245006200223260006400285300005300349440005600402502001900458504003000477650003200507650002700539999001700566gs 65000137 DLC20260227111416.0790612s1965 nyuaf b 000 0 eng c ags 65000137  a(OCoLC)5056544 aU.S. Geol. Survey. Libr.cNICdOCoLCdDLC apremarc00aQE801b.J8 a564.098721 aJung, Peter,cPh. D.10aMiocene Mollusca from the Paraguana Peninsula, Venezuela. aIthaca, N.Y.,bPaleontological Research Institution,c1965. a390-652 p.billus., (1 fold.) 30 plates.c23 cm. 0aBulletins of American paleontology,vv. 49, no. 223 aThesis--Basel. aBibliography: p. 594-606. 0aMollusks, FossilzVenvuela. 0aPaleontologyyMiocene. c29990d29990